000 00390nam a2200133Ia 4500
008 100328s9999 xx 000 0 und d
082 _b34185
100 _aशिरवळकर सुहास.
245 _aकथा पौर्णिमा
260 _bगुरु
630 _aकथा पौर्णिमा
730 _aकथा पौर्णिमा
942 _cBOOK
999 _c524412
_d524409